Take off your mask (Record no. 401)

MARC details
000 -LEADER
fixed length control field 00414nam a2200157 a 4500
005 - DATE AND TIME OF LATEST TRANSACTION
control field 20260322212018.0
008 - FIXED-LENGTH DATA ELEMENTS--GENERAL INFORMATION
fixed length control field data
010 ## - LIBRARY OF CONGRESS CONTROL NUMBER
LC control number 48-004537
096 ## - LOCALLY ASSIGNED NLM-TYPE CALL NUMBER (OCLC)
Classification number WM 460 E34t 1948
001 - CONTROL NUMBER
control field data
100 1# - MAIN ENTRY--PERSONAL NAME
Personal name Eidelberg, Ludwig,
Dates associated with a name 1898-
245 10 - TITLE STATEMENT
Title Take off your mask
Statement of responsibility, etc. Ludwig Eidelberg
260 ## - PUBLICATION, DISTRIBUTION, ETC.
Place of publication, distribution, etc. New York
Name of publisher, distributor, etc. International Universities Press
Date of publication, distribution, etc. c1948
300 ## - PHYSICAL DESCRIPTION
Extent 230 p. ;
Dimensions 22 cm.
650 02 - SUBJECT ADDED ENTRY--TOPICAL TERM
Topical term or geographic name entry element Psychoanalysis
Form subdivision popular works
Holdings
Withdrawn status Lost status Damaged status Not for loan Home library Current library Shelving location Date acquired Total checkouts Full call number Barcode Date last seen Price effective from Koha item type
        Pleasant Valley Pleasant Valley General stacks 22/03/2026   GEN BC0010411 22/03/2026 22/03/2026 Books